Clinical calculations : (Record no. 6964)

MARC details
000 -LEADER
fixed length control field 00711nam a22002057a 4500
003 - CONTROL NUMBER IDENTIFIER
control field OSt
005 - DATE AND TIME OF LATEST TRANSACTION
control field 20251205083352.0
008 - FIXED-LENGTH DATA ELEMENTS--GENERAL INFORMATION
fixed length control field 251205b |||||||| |||| 00| 0 eng d
020 ## - INTERNATIONAL STANDARD BOOK NUMBER
International Standard Book Number 0-7216-5444-4.
040 ## - CATALOGING SOURCE
Original cataloging agency DWCL-Main lib
Transcribing agency OC
082 ## - DEWEY DECIMAL CLASSIFICATION NUMBER
Edition number 3rd ed.
Classification number Circ. 615.14 K26c 1996
100 ## - MAIN ENTRY--PERSONAL NAME
Personal name Kee, Joyce Lefever
245 ## - TITLE STATEMENT
Title Clinical calculations :
Remainder of title with applications to general and specialty areas
Statement of responsibility, etc. Kee, Joyce Lefever
260 ## - PUBLICATION, DISTRIBUTION, ETC.
Place of publication, distribution, etc. Philadelphia :
Name of publisher, distributor, etc. W. B. Saunders Company,
Date of publication, distribution, etc. c1996.
300 ## - PHYSICAL DESCRIPTION
Extent xxiii, 291 pages :
Other physical details chiefly illustration ;
Dimensions 25 cm.
650 ## - SUBJECT ADDED ENTRY--TOPICAL TERM
Source of heading or term 1. Nursing-Mathematics.
650 ## - SUBJECT ADDED ENTRY--TOPICAL TERM
Source of heading or term 2. Pharmaceutical arithmetic.
700 ## - ADDED ENTRY--PERSONAL NAME
Personal name Marshall, Sally M.
942 ## - ADDED ENTRY ELEMENTS (KOHA)
Source of classification or shelving scheme Dewey Decimal Classification
Koha item type Book Circulation
Edition 3rd ed.
Call number prefix Circ.
Suppress in OPAC No
952 ## - LOCATION AND ITEM INFORMATION (KOHA)
--
Holdings
Withdrawn status Lost status Source of classification or shelving scheme Damaged status Not for loan Home library Current library Shelving location Date acquired Source of acquisition Cost, normal purchase price Total Checkouts Full call number Barcode Date last seen Copy number Price effective from Koha item type Uniform Resource Identifier
    Dewey Decimal Classification     HM & Nursing Library HM & Nursing Library Circulation 01/21/2008 Donation 0.00   Circ. 615.14 K26c 1996 45580 12/05/2025 c1 12/05/2025 BK-CIRC